| 000 | 00501nam a22001577a 4500 | ||
|---|---|---|---|
| 008 | 240719b |||||||| |||| 00| 0 eng d | ||
| 040 |
_aNational Science Library _cNational Science Library |
||
| 080 | _a082.1:634.7(540).3 | ||
| 100 |
_aPuri, Y N _913200 |
||
| 245 | _aRusts and wood-rotting fungi on some of the important Indian conifers | ||
| 260 |
_aDelhi: _bManager of Publication, _c1955 |
||
| 300 | _a9p. | ||
| 490 | _aMycology | ||
| 500 | _aIndian forest bulletin no. 179 | ||
| 942 |
_2udc _cBK |
||
| 999 |
_c64566 _d64566 |
||